| 000 | 01075nam a2200301Ic 4500 | ||
|---|---|---|---|
| 001 | 58667 | ||
| 003 | CO-BoRNBP | ||
| 005 | 20250827162253.0 | ||
| 007 | ta | ||
| 008 | 180109s9999 xx 000 0 und d | ||
| 020 | _a9789568209803 | ||
| 040 |
_aCO-BoRNBP _bspa _erda _cCO-BoRNBP |
||
| 041 | _aspa | ||
| 084 | _aP | ||
| 100 | 1 |
_aMistral, Gabriela, _d1889-1957 _eaut |
|
| 245 | 1 | 3 |
_aLa bella durmiente del bosque / _cGabriela Mistral ; ilustraciones de Carmen Cardemil ; comentario crítico de Manuel Peña Muñoz. |
| 250 | _aSegunda edición | ||
| 264 | 1 |
_aSantiago de Cali, Colombia : _bEditorial Amanuta;2014, _c2014 |
|
| 300 |
_a[30] páginas : _bilustraciones en color |
||
| 336 |
_atexto _btxt _2rdacontent |
||
| 337 |
_asin mediación _bn _2rdamedia |
||
| 338 |
_avolumen _bnc _2rdacarrier |
||
| 650 | 0 | 4 |
_aLiteratura infantil chilena _2LEMB _9757 |
| 650 | 0 | 4 |
_aPoesía francesa _2LEMB |
| 650 | 0 | 4 |
_aPoesía infantil chilena _2LEMB _963772 |
| 700 | 1 |
_aCardemil, Carmen, ilustradora \ Peña Muñoz, Manuel, 1951- , comentario crítico _eill _963773 |
|
| 942 |
_2loc _cBK |
||
| 999 |
_c58667 _d58667 |
||